000 00611nam a2200193 a 4500
001 12707
003 CO-ViMGA
008 141112s2004 ck r 000 u spa d
020 _a8428314578
040 _aCO-ViMGA
_bspa
_cCO-ViMGA
082 0 4 _a371.334 B874
100 1 _aBurke, Robert
_918345
245 1 0 _aEnseñanza Asistida por Ordenador
260 _aMadrid :
_bParaninfo,
_c1986
300 _a208p.
590 _aForma de adquisición : COMPRA - - Precio : 16.000 - - Proveedor : FIS - - Fecha de adquisición : 23 - 09 - 2000
650 1 4 _aENSEÑANZA CON AYUDA DE COMPUTADORES
_917421
942 _2ddc
_cBK
999 _c23655
_d23655